Ont-ils déjà joué avec... Arnold Schwarzenegger ? - Statistiques

Statistiques générales
  • Ce quiz a été pris 27 fois
  • Le résultat moyen est 3 sur 10
Answers on the Grid
Answers color-coded by a green-red scale on the quiz's grid according to % correct below.
Christopher Lee
Macaulay Culkin
Sofia Coppola
Dan Aykroyd
Natalie Portman
Claudia Schiffer
Marlon Brando
Ben Stiller
Hulk Hogan
Olivia Newton-John
Cécile de France
Laurence Fishburne
Emma Thompson
Grace Jones
Dwayne Johnson
Jackie Chan
John Turturro
Sigourney Weaver
Meat Loaf
Kirk Douglas
 
Statistiques - réponses
Réponse % Correct
Dwayne Johnson
38%
Grace Jones
38%
Jackie Chan
38%
Laurence Fishburne
33%
Cécile de France
29%
John Turturro
24%
Meat Loaf
24%
Emma Thompson
19%
Sigourney Weaver
19%
Kirk Douglas
0%
Aucun quiz correspondant
Distribution des résultats
% des personnes avec chaque résultat
Percentile par nombre de réponses
Votre historique - résultats
Vous n’avez pas pris ce quiz